000
00329nam a22001457a 4500
008
221011b ||||| |||| 00| 0 eng d
020
_a
9780023235535
041
_a
eng
080
_2
VOLUME 1 AND 2
_a
721
082
_a
721
100
_a
20.2
101
_a
NDER
245
_a
INDUSTRIAL MATERIALS
_c
COLLING D
942
_2
udc
_c
BK
999
_c
58491
_d
58491